Registered and Non-Registered Document (Record no. 9605)

MARC details
000 -LEADER
fixed length control field 00412nam a22001697a 4500
005 - DATE AND TIME OF LATEST TRANSACTION
control field 20260406124152.0
008 - FIXED-LENGTH DATA ELEMENTS--GENERAL INFORMATION
fixed length control field 260406b |||||||| |||| 00| 0 eng d
041 ## - LANGUAGE CODE
Language English
082 ## - DEWEY DECIMAL CLASSIFICATION NUMBER
Classification number 346.0438 KAN
100 ## - MAIN ENTRY--PERSONAL NAME
Main Author Name Kant, Mani
245 ## - TITLE STATEMENT
Title Registered and Non-Registered Document
250 ## - EDITION STATEMENT
Edition 2nd
260 ## - PUBLICATION, DISTRIBUTION, ETC.
Place of publication New Delhi:
publisher Name Kamal Publishers,
Date of publication 2018
300 ## - PHYSICAL DESCRIPTION
Number Of Page 356 P
650 ## - SUBJECT ADDED ENTRY--TOPICAL TERM
Subject Document
942 ## - ADDED ENTRY ELEMENTS (KOHA)
Koha item type Donated Book
Holdings
Lost status Source of classification or shelving scheme Not for loan Home library Current library Date last seen Koha item type School Total Checkouts Full call number Barcode Copy number Price effective from Withdrawn status Date acquired Source of acquisition Cost, normal purchase price
  Dewey Decimal Classification   BSOL BSOL 06/04/2026 Donated Book School of Law   346.0438 KAN G753 1 06/04/2026   06/04/2026 prithivi Raj 325.00

Maintained and Designed by
2cqr automation private limited, Chennai. All Rights Reserved.

You are Visitor Number

PHP Hits Count